[Event "World U16-ch10"]
[Site "Champigny sur Marne"]
[Date "1984.04.??"]
[Round "?"]
[White "Safieh, Mouhamad J"]
[Black "Rojas Sepulveda, Eduardo"]
[Result "0-1"]
[WhiteElo "2200"]
[BlackElo "2250"]
[PlyCount "76"]
[EventDate "1984.04.01"]
[EventType "swiss"]
[EventRounds "11"]
[EventCountry "FRA"]
[SourceTitle "EXT 2015"]
[Source "ChessBase"]
[SourceDate "2014.11.20"]
[SourceVersion "1"]
[SourceVersionDate "2014.11.20"]
[SourceQuality "1"]

1. e4 c5 2. Nf3 d6 3. d4 cxd4 4. Nxd4 Nf6 5. Nc3 Nc6 6. Bc4 Bd7 7. Bb3 g6 8. f3 Nxd4 9. Qxd4 Bg7 10. Be3 0-0 11. Qd2 b5 12. 0-0-0 a5 13. Nd5 Rb8 14. a3 Nxd5 15. Bxd5 b4 16. Bd4 Bxd4 17. Qxd4 bxa3 18. bxa3 Qc7 19. Rhf1 Rfc8 20. Rf2 Rb6 21. Rd3 a4 22. f4 e6 23. Ba2 Bb5 24. Rg3 Rc6 25. Qb2 Qb6 26. Rgf3 Rxc2+ 27. Qxc2 Rxc2+ 28. Rxc2 Qg1+ 29. Kb2 Qd4+ 30. Rcc3 Qxe4 31. g4 d5 32. f5 Kg7 33. fxe6 Qxe6 34. g5 Qe5 35. Rf6 h6 36. h4 hxg5 37. hxg5 Bd7 38. Rf2 Qxg5 0-1